Psychiatric Nursing Care Planning (Record no. 15640)

MARC details
000 -LEADER
fixed length control field 00580nam a22001697a 4500
008 - FIXED-LENGTH DATA ELEMENTS--GENERAL INFORMATION
fixed length control field 160211b xxu||||| |||| 00| 0 eng d
020 ## - INTERNATIONAL STANDARD BOOK NUMBER
International Standard Book Number 1437717822
100 ## - MAIN ENTRY--PERSONAL NAME
Personal name Varcarolis Elizabeth M.
245 ## - TITLE STATEMENT
Title Psychiatric Nursing Care Planning
Remainder of title Assessment Guides, Diagnosis, Psychopharmacology
250 ## - EDITION STATEMENT
Edition statement 4th ed.
260 ## - PUBLICATION, DISTRIBUTION, ETC. (IMPRINT)
Place of publication, distribution, etc. New York
Name of publisher, distributor, etc. Elsevier Saunders
Date of publication, distribution, etc. 2011
300 ## - PHYSICAL DESCRIPTION
Extent ix, 755p.
650 ## - SUBJECT ADDED ENTRY--TOPICAL TERM
Topical term or geographic name as entry element Mental Disorders
Form subdivision Handbook
650 ## - SUBJECT ADDED ENTRY--TOPICAL TERM
Topical term or geographic name as entry element Nursing Assessment
Form subdivision Handbook
650 ## - SUBJECT ADDED ENTRY--TOPICAL TERM
Topical term or geographic name as entry element Psychiatric Nursing
Form subdivision methods
942 ## - ADDED ENTRY ELEMENTS (KOHA)
Source of classification or shelving scheme Library of Congress Classification
Koha item type General Collection
Edition 4th ed.
Classification part RC 440
Call number prefix .V37 2011 C.1
Holdings
Withdrawn status Lost status Source of classification or shelving scheme Not for loan Home library Current library Shelving location Date acquired Cost, normal purchase price Total Checkouts Full call number Barcode Date last seen Date last checked out Copy number Price effective from Koha item type
    Library of Congress Classification   Kabarak, Main Campus Kabarak, Main Campus General Stacks 11/02/2016 3705.00 10 RC440 .V37 2011 C.1 016564 12/09/2022 15/08/2022 C.1 11/02/2016 General Collection
Designed with assistance from East African Informatics Ltd